Battlements for thy house : (Record no. 14582)

000 -LEADER
fixed length control field 00550nam a2200181 a 4500
001 - CONTROL NUMBER
control field :::00012414$&:&@@
003 - CONTROL NUMBER IDENTIFIER
control field OkBaRHE
005 - DATE AND TIME OF LATEST TRANSACTION
control field 20000607103419.0
008 - FIXED-LENGTH DATA ELEMENTS--GENERAL INFORMATION
fixed length control field s1946 j 000 0 eng u
040 ## - CATALOGING SOURCE
Transcribing agency
100 1# - MAIN ENTRY--PERSONAL NAME
Personal name Honderick, Loine C.
245 10 - TITLE STATEMENT
Title Battlements for thy house :
Remainder of title a study for Christian parents.
260 ## - PUBLICATION, DISTRIBUTION, ETC. (IMPRINT)
Place of publication, distribution, etc CAN., :
Name of publisher, distributor, etc Loine C. Honderick
Date of publication, distribution, etc c1946
300 ## - PHYSICAL DESCRIPTION
Extent 31 p. ;
Dimensions 21 cm.
650 ## - SUBJECT ADDED ENTRY--TOPICAL TERM
Topical term or geographic name as entry element Family
942 ## - ADDED ENTRY ELEMENTS (KOHA)
Source of classification or shelving scheme
Koha item type Books
Copies
Copy number Damaged status Koha item type Shelving location Price effective from Source of classification or shelving scheme Permanent Location Date last seen Full call number Date acquired Withdrawn status Not for loan Barcode Lost status
1 BooksGeneral Stacks2010-04-14 RHEMA Bible Training College2010-04-14HQ 728 .H62010-04-14  12414